| 000 | 01090nam a22002775a 4500 | ||
|---|---|---|---|
| 003 | OSt | ||
| 005 | 20170418110754.0 | ||
| 008 | 170404s2005 ua frb 000 0 ara d | ||
| 015 | _a1999 / 9064 | ||
| 020 | _a9772412756 | ||
| 040 |
_aEG-ScBUE _bara _cEG-ScBUE |
||
| 043 |
_af-ua--- _aa-is--- |
||
| 082 | 0 | 4 |
_a341.02666205694 _bع ت ل _222 |
| 100 | 1 | _aعتلم، حازم محمد. | |
| 245 | 1 | 0 |
_aقاعدة تغير الظروف في النظرية العامة ومعاهدة السلام المصرية - الإسرائيلية / _cحازم محمد عتلم. |
| 250 | _aط. 2. | ||
| 260 |
_aالقاهرة : _bدار النهضة العربية، _c2005. |
||
| 300 |
_a320 ص. ؛ _c24 سم. |
||
| 504 | _aيشتمل على إرجاعات ببليوجرافية. | ||
| 630 | 7 |
_aمعاهدة السلام المصرية الإسرائيلية _d(26 مارس 1979) |
|
| 650 | _2BUEsh | ||
| 651 | 7 |
_2BUEsh _aمصر _xعلاقات خارجية _zإسرائيل. |
|
| 651 | 7 |
_2BUEsh _aإسرائيل _xعلاقات خارجية _zمصر. |
|
| 653 |
_bLLAAWW _cApril2017 |
||
| 942 | _2ddc | ||
| 999 |
_c24621 _d24593 |
||